| 000 | 00481nam a22001697a 4500 | ||
|---|---|---|---|
| 003 | NUST - PNEC | ||
| 005 | 20170116180833.0 | ||
| 008 | 150801b xxu||||| |||| 00| 0 eng d | ||
| 020 | _a8178085712 | ||
| 040 | _cLIBRARY | ||
| 082 | _a519.2 STA | ||
| 100 |
_94765 _aStark, Henry |
||
| 245 |
_aProbability and random processes with applications to signal processing _cHenry Stark |
||
| 250 | _a3rd ed | ||
| 650 |
_94766 _aSignal Processing Mathematics _xMIS / ME |
||
| 942 |
_2ddc _cBK |
||
| 999 |
_c64097 _d64097 |
||